Intelligence and giftedness the contributions of heredity and early environment

Saved in:
Bibliographic Details
Main Author: STORFER, Miles D.
Format: Book
Language:English
Published: Jossey-Bass Publishers 1990
Tags: Add Tag
No Tags, Be the first to tag this record!

MARC

LEADER 00000nam a22000007a 4500
008 201222b ||||| |||| 00| 0 eng d
020 |a 1-5542-185-7 
100 |a STORFER, Miles D. 
245 |a Intelligence and giftedness  |b  the contributions of heredity and early environment  |c Miles D. Storfer  |e (The Jossey-Bass social behavioural science series:- The Jossey-Bass education series). 
260 |b Jossey-Bass Publishers  |c 1990  |h San Franscisco  |i 273313  |l BF431 .St7  |m Intellect – Genetic aspects  |m Intellect – Social aspects  |m Nature and nurture for   |m Gifted persons 
942 |a lcc  |c BK  |e ADEYEYE Y. S.  |f 22/12/2020 
952 |0 0  |1 0  |2 lcc  |4 0  |6 BF0431 S T7  |7 0  |9 1134  |a HOL  |b HOL  |c QZ  |d 2020-12-22  |l 0  |o BF431 .St7  |p 2020-230341  |r 2020-12-22 00:00:00  |w 2020-12-22  |y BK 
999 |c 591  |d 591